000 01027nac a22003011u 4500
003 EG-ScBUE
005 20221207104915.0
008 221207s2007 vraa f 001 0 eng d
020 _a9781864701869 (hbk.) :
040 _aEG-ScBUE
_beng
_erda
_cEG-ScBUE
_dEG-ScBUE
043 _an-us---
082 0 4 _a725.0973
_bAME
_222
245 0 0 _aAmerican spaces :
_ban overview of what’s new /
_c[edited by Janelle McCulloch]
264 1 _aMulgrave, Victoria :
_bImages Publication,
_c2007.
300 _a224 pages :
_bcolor illustrations ;
_c31 cm
336 _2rdacontent
_atext
_btxt
337 _2rdamedia
_aunmediated
_bn
338 _2rdacarrier
_avolume
_bnc
500 _aIncludes index.
650 7 _aPublic architecture
_zUnited States.
_2BUEsh
650 7 _aArchitectural design
_zUnited States.
_2BUEsh
650 7 _aCommercial buildings
_xDesign and construction.
_2BUEsh
650 7 _aPublic buildings.
_2BUEsh
653 _bENGARC
655 _vReading book
700 1 _aMcCulloch, Janelle,
_eeditor.
942 _cBB
_2ddc
999 _c8666
_d8666